Statistiques concernant Pays les plus proches de Koweït

Cliquez ici pour prendre le quiz!

Statistiques générales

  • Ce quiz a été pris 57 fois
  • Le résultat moyen est 18 sur 20

Statistiques - réponses

kmpays% Correct
0Arabie Saoudite
100%
0Irak
100%
20Iran
100%
379Qatar
98%
560Émirats
arabes unis
96%
1132Égypte
94%
776Jordanie
94%
1099Liban
94%
761Syrie
94%
1093Israël
93%
807Oman
93%
815Turquie
93%
1106Yémen
93%
1207Pakistan
91%
983Arménie
87%
322Bahreïn
87%
1207Afghanistan
83%
928Azerbaïdjan
83%
975Turkménistan
61%
1096Palestine
48%

Distribution des résultats

Percentile par nombre de réponses

% des personnes avec chaque résultat

Votre développement - résultats

Vous n’avez pas pris ce quiz